Southville International School and Colleges
Your cart is empty.
  • Cart
  • Lists
    Public lists Eva Luna New books Lux_list list_1
    Your lists Log in to create your own lists
  • Log in to your account
  • Your cookies
  • Search history
Southville International School and Colleges
  • Advanced search
  • Recent comments
  • Most popular
  • Libraries

Log in to your account

Log in with GOOGLE


If you do not have an external account, but do have a local account, you can still log in:

  1. Home
  2. MARC view: Research methods for managers /
Normal view MARC view ISBD view

Research methods for managers / (Record no. 25400)

[ view plain ]
MARC details
000 -LEADER
fixed length control field 00709nam a2200229 a 4500
005 - DATE AND TIME OF LATEST TRANSACTION
control field 20140310183621.0
008 - FIXED-LENGTH DATA ELEMENTS--GENERAL INFORMATION
fixed length control field 130326s19uu xx 00 eng d
020 ## - INTERNATIONAL STANDARD BOOK NUMBER
International Standard Book Number 9781847870940
050 ## - LIBRARY OF CONGRESS CALL NUMBER
Classification number HD 30.4
Item number .G55 2010
100 ## - MAIN ENTRY--PERSONAL NAME
Personal name Gill, John
245 ## - TITLE STATEMENT
Title Research methods for managers /
Statement of responsibility, etc John Gill, Phil Johnson, with Murray Clark.
250 ## - EDITION STATEMENT
Edition statement 4th ed.
260 ## - PUBLICATION, DISTRIBUTION, ETC. (IMPRINT)
Place of publication, distribution, etc London : SAGE :
Name of publisher, distributor, etc SAGE,
Date of publication, distribution, etc 2010.
300 ## - PHYSICAL DESCRIPTION
Extent 270 p. :
Other physical details ill. (some) col. ;
Dimensions 24 cm.
500 ## - GENERAL NOTE
General note Previous ed.: 2002. Includes bibliographical references and index
521 ## - TARGET AUDIENCE NOTE
Target audience note
650 ## - SUBJECT ADDED ENTRY--TOPICAL TERM
Topical term or geographic name as entry element Industrial management
General subdivision Research
700 ## - ADDED ENTRY--PERSONAL NAME
Personal name Johnson, Phil
700 ## - ADDED ENTRY--PERSONAL NAME
Personal name Clark, Murray
942 ## - ADDED ENTRY ELEMENTS (KOHA)
Koha item type Books
Source of classification or shelving scheme Library of Congress Classification
Call number prefix Foreign
Holdings
Withdrawn status Lost status Source of classification or shelving scheme Damaged status Home library Current library Shelving location Date acquired Cost, normal purchase price Total Checkouts Full call number Barcode Date last seen Date checked out Copy number Price effective from Koha item type
    Library of Congress Classification   College Library College Library General Circulation Section 03/26/2013 3926.00 1 HD 30.4 .G55 2010 C15464 05/06/2019 05/02/2019 1 10/18/2013 Books

Research methods for managers /

APA

Gill J., Johnson P. & Clark M. (2010). Research methods for managers. London : SAGE: SAGE.

Chicago

Gill John, Johnson Phil and Clark Murray. 2010. Research methods for managers. London : SAGE: SAGE.

Harvard

Gill J., Johnson P. and Clark M. (2010). Research methods for managers. London : SAGE: SAGE.

MLA

Gill John, Johnson Phil and Clark Murray. Research methods for managers. London : SAGE: SAGE. 2010.

  • Place hold
  • Print
  • Cite
  • Add to your cart (remove)
  • Save record
    BIBTEX Dublin Core MARCXML MARC (non-Unicode/MARC-8) MARC (Unicode/UTF-8) MARC (Unicode/UTF-8, Standard) MODS (XML) RIS
  • More searches
    Search for this title in:
    Other Libraries (WorldCat) Other Databases (Google Scholar) Online Stores (Bookfinder.com) Open Library (openlibrary.org)

Exporting to Dublin Core...

SOUTHVILLE LIBRARY

Southville International School and Colleges Library

1281 Tropical Ave. Cor. Luxembourg St., BF Homes International, Las Pinas City

Tel. No. 8256374 / 252358 Loc. 117/146

Powered by Koha